Countries that Status Quo have gigged in - Statistics

General Stats
  • This quiz has been taken 23 times
  • The average score is 42 of 50
Answer Stats
Number of gigs Country % Correct
129 Australia
100%
1 Romania
100%
20 Russia
100%
58 Spain
100%
81 Switzerland
100%
1,579 United Kingdom
100%
126 United States
100%
66 Austria
95%
10 Canada
95%
1 Croatia
95%
150 France
95%
700 Germany
95%
1 Greece
95%
2 Iceland
95%
13 Japan
95%
3 New Zealand
95%
35 Norway
95%
6 Poland
95%
124 Sweden
95%
2 Brazil
91%
1 Bulgaria
91%
8 Czech Republic
91%
67 Ireland
91%
10 Italy
91%
4 Mexico
91%
83 Netherlands
91%
4 Portugal
91%
8 South Africa
91%
2 Turkey
91%
91 Denmark
86%
20 Finland
86%
4 Hungary
86%
4 Serbia
86%
3 Slovakia
86%
2 Slovenia
86%
71 Belgium
82%
1 South Korea
82%
3 Estonia
77%
3 Latvia
77%
1 Lithuania
77%
5 Luxembourg
77%
1 Singapore
77%
2 Liechtenstein
73%
1 Malta
73%
2 Ukraine
73%
1 Monaco
64%
1 Malaysia
50%
10 United Arab Emirates
50%
3 Bahrain
23%
2 Oman
18%
No matching quizzes found
Score Distribution
Percent of People with Each Score
Percentile by Number Answered
Your Score History
You have not taken this quiz